01086cas a2200265 a 45000010005000000030008000050050017000130080041000300300011000710350018000820400109001000410008002090600013002170700015002300820022002452450144002672600037004113000032004485000123004805040020006035150029006236500036006527100056006887760076007449348BD-RjUL20211208234749.0140120s1962 nyuar 1 a0eng c aDAPSAS a(BD-RjUL)9393 aMnMULSbengcMnMULSdDNALdMnMULSdCU-UCdInUdNdOCoLCdAIPdNSDPdDLCdMHdOCoLCdDNALdOCoLCdBD-RjUL aeng0 aW3 DE6150 aQC451b.D414a535211bDEV 196200aDevelopments in applied spectroscopy :ba publication of the Chicago Section of the Society for Applied Spectroscopy. /ced. by W. D. Ashby aNew York :bPlenum Press ,c1962 ax, 260 p. :bill. ;c23 cm. aVols. 1- are the 12th- proceedings of the Mid-America Spectroscopy Symposium (called 1961- Symposium on Spectroscopy). aIncludes index. aVol. 7 issued in 2 vols. 0aSpectrum analysisvPeriodicals.2 aSociety for Applied Spectroscopy.bChicago Section.08iOnline version:tDevelopments in applied spectroscopyw(OCoLC)559791789